|
|
|
|
| LEADER |
01789nam a2200481 i 4500 |
| 001 |
001741506 |
| 003 |
CZ BrMZK |
| 005 |
20200520144424.0 |
| 007 |
ta |
| 008 |
200407s2020 xr ae e 000 0bcze |
| 020 |
|
|
|q (Složeno)
|
| 040 |
|
|
|a BOA001
|b cze
|e rda
|
| 043 |
|
|
|a e-xr---
|a e-au---
|b e-xr-jm
|2 czenas
|
| 072 |
|
7 |
|a 72
|x Architektura
|2 Konspekt
|9 21
|
| 072 |
|
7 |
|a 929
|x Biografie
|2 Konspekt
|9 8
|
| 080 |
|
|
|a 72.071.1
|2 MRF
|
| 080 |
|
|
|a 72.036/.038
|2 MRF
|
| 080 |
|
|
|a 69.01/.03
|2 MRF
|
| 080 |
|
|
|a 929
|2 MRF
|
| 080 |
|
|
|a (436)
|2 MRF
|
| 080 |
|
|
|a (437.322)
|2 MRF
|
| 080 |
|
|
|a (041)
|2 MRF
|
| 100 |
1 |
|
|a Valdhansová, Lucie,
|d 1984-
|7 jo2017943002
|4 aut
|
| 245 |
1 |
0 |
|a Adolf Loos v Brně /
|c autorky textů: Lucie Valdhansová, Veronika Jičínská
|
| 264 |
|
1 |
|a Brno :
|b TIC Brno, p.o.,
|c 2020
|
| 300 |
|
|
|a 1 složený list (16 nečíslovaných stran) :
|b barevné ilustrace, 1 plán ;
|c 30 x 42 cm, složeno na 15 x 11 cm
|
| 336 |
|
|
|a text
|b txt
|2 rdacontent
|
| 337 |
|
|
|a bez média
|b n
|2 rdamedia
|
| 338 |
|
|
|a list
|b nb
|2 rdacarrier
|
| 600 |
1 |
7 |
|a Loos, Adolf,
|d 1870-1933
|7 jk01072385
|
| 648 |
|
7 |
|a 19.-20. století
|7 ch757015
|
| 648 |
|
4 |
|a 1870-1933
|
| 650 |
0 |
7 |
|a architekti
|7 ph118582
|z Rakousko
|y 19.-20. století
|2 czenas
|
| 650 |
0 |
7 |
|a moderní architektura
|7 ph115339
|z Česko
|2 czenas
|
| 650 |
0 |
7 |
|a stavby
|7 ph116274
|z Česko
|y 19.-20. století
|2 czenas
|
| 651 |
|
7 |
|a Brno (Česko)
|7 ge134084
|2 czenas
|
| 655 |
|
7 |
|a brožury
|7 fd131925
|2 czenas
|
| 700 |
1 |
|
|a Jičínská, Veronika
|4 aut
|
| 910 |
|
|
|a BOA001
|b S-1445.956
|
| 990 |
|
|
|a BK
|
| 991 |
|
|
|b 202005
|c NOV
|
| 996 |
6 |
|
|b 2610819632
|c S-1445.956
|l MZK
|r Sklad / do 24 hodin
|n 1
|p p.v.
|w 001795291
|u 000010
|a 1
|e BOA001
|j MZK50
|s P
|
| 996 |
7 |
|
|b 2610819633
|c S-1445.956
|l MZK
|r Sklad / do 24 hodin
|n 2
|p p.v.
|w 001795291
|u 000020
|a 1
|e BOA001
|j MZK50
|s A
|